Quizzes
Events
Quiz Creation
Community
Videos
Private Events
Remove Ads
Sign In
Join for FREE
Feedback
Dark Mode
Quiz Categories
Sports
Geography
Music
Movies
Television
Just For Fun
Miscellaneous
History
Literature
Language
Science
Gaming
Entertainment
Religion
Holiday
For Kids
Quiz Lab
Recent
Popular Today
Quiz Kudos Today
Editor Picks
Curator Picks
Quizzes by...
Day
Popularity
Type
Ratings
Length
Year
Community
Subscriptions
Recent Discussions
Orange Saloon
Badges
Playlists
Quests
Create
Leaderboards
Showdown
Live 5
Trivia Bingo
Activity
Puzzle Library
Sporcle Events
Private Events
Virtual Trivia
Globe League
Become a Host
Pub Owners
SporcleCon
Opinionation
Our Games
Videos
Blog
Mobile Apps
Partnerships
Remove Ads and Go Orange
Feedback
Sports
Athletes
MLB
NBA
NHL
NFL
Soccer
Sports Teams
WWE
NCAA
Football
Premier League
Basketball
Baseball
Hockey
Golf
Tennis
Cricket
Rugby
Auto Racing
Olympics
World Cup
Sports
Athletes
MLB
NBA
NHL
NFL
Soccer
Sports Teams
WWE
NCAA
Football
Premier League
Basketball
Baseball
Hockey
Golf
Tennis
Cricket
Rugby
Auto Racing
Olympics
World Cup
Random Quiz
Search Sporcle
×
Quiz Lab
Quiz Lab
Sports
Premier League
Type in answers that appear in a list
Type in answers that appear in a list
Classic
Best Score? Go Orange.
Every Swansea Premier League Goalscorer Stats
Can you name every Swansea Premier League Goalscorer & the Season they first scored in
By
SporcleEXP
5m
37 Questions
96 Plays
96 Plays
96 Plays
Comments
Comments
Give Quiz Kudos
Give Quiz Kudos
-
- Ratings
hide this ad
Replay
Link that replays current quiz
Next Quiz
Link to next quiz in quiz playlist
You Got
0%
They Got
Avg Score
57%
Avg Friend Score
Upgrade to see
Score Distribution
Jump to the score distribution portion of the page
Score
0/37
Timer
05:00
0
Plays Today
Season
Answer
% Correct
2013-
14
Wilfried Bony
93.8%
2011-
12
Nathan Dyer
91.7%
2011-
12
Ashley Williams
90.6%
2012-
13
Michu
89.6%
2011-
12
Wayne Routledge
87.5%
2012-
13
Angel Rangel
83.3%
2016-
17
Leroy Fer
81.3%
2011-
12
Glyfi Sigurdsson
80.2%
2011-
12
Scott Sinclair
76%
2012-
13
Ben Davies
76%
2016-
17
Fernando Llorente
75%
2015-
16
Federico Fernandez
74%
2011-
12
Danny Graham
71.9%
2011-
12
Joe Allen
71.9%
2015-
16
Andre Ayew
70.8%
2014-
15
Ki Sung-Yueng
66.7%
2016-
17
Alfie Mawson
62.5%
2013-
14
Jonjo Shelvey
61.5%
2014-
15
Bafetimbi Gomis
56.3%
Season
Answer
% Correct
2012-
13
Pablo Hernandez
54.2%
2014-
15
Jack Cork
54.2%
2012-
13
Jonathan De Guzman
52.1%
2013-
14
Chico Flores
51%
2016-
17
Borja Baston
45.8%
2014-
15
Jefferson Montero
43.8%
2016-
17
Martin Olsson
42.7%
2011-
12
Leroy Lita
37.5%
2015-
16
Modou Barrow
36.5%
2011-
12
Luke Moore
35.4%
2012-
13
Dwight Tiendalli
35.4%
2016-
17
Mike van der Hoorn
32.3%
2011-
12
Andrea Orlandi
30.2%
2013-
14
Roland Lamah
28.1%
2012-
13
Itay Shechter
26%
2013-
14
Marvin Emnes
26%
2015-
16
Alberto Paloschi
19.8%
2014-
15
Nelson Oliveira
12.5%
Quiz Playlist
Details
Report
Send in Message
Add To Playlist
Classic:
Type in answers that appear in a list
Last Updated: Mar 20, 2017
Quiz Scoreboard
CHALLENGE
Sign Up to Join the Scoreboard
Show All
Scores
Hide
Comments
May contain spoilers
Recently Published
An Introduction to Baseball
by treessimontrees
Sports
5m
Movies - When Are They Set?
by FPL_Elf
Movies
5m
Popular People in 1961
by mucciniale
History
6m
More to Explore
Quiz From the Vault
Featured Blog Post
Where Did the Easter Bunny Come From?
hide this ad
You Might Also Like...
Tags
Premier League Quiz
English Clubs
English League
English Soccer
FA Premier
Goal Scorers
Goals Scored
Premier Football
Season Goals
Swansea
Swansea City
Today's Top Quizzes in Sports
Browse Sports
hide this ad
Today's Top Quizzes in Premier League
Browse Premier League
Top Contributed Quizzes in Sports
1
Les meilleurs buteurs des matchs entre le PSG et l’OM
2
2022 World Cup Stars
3
FIFA Club World Cup Champions
4
Les entraîneurs de l'OM et du PSG au 21e siècle
5
Name the Premier League winners with different clubs
6
La finale Lions - Afrique du Sud 2021
7
England Test cricketers to play under Nasser Hussain
8
5-to-1: UK Sports Teams
9
Les joueurs passés par le LOSC et le RC Lens
10
Criteria MLB: Left Handed Sluggers
Explore More
Trending Topics
Crossword
Anime
Harry Potter
Kpop
NBA
Marvel
Disney
Soccer
The Office
NFL
Country
WWE
Puzzle
Song
Pokémon
hide this ad
More By:
SporcleEXP
Quiz
Plays
Rating
Category
Featured
Created
Harry Potter Deaths in Order Minefield
3,068,110
4.18
Literature
Jan 27, 2016
Sins, Dwarfs, and Spice Girls
847,256
4.42
Just For Fun
Apr 11, 2012
Ancient History Bunker
708,056
4.28
History
Jan 20, 2014
Movie Posters VI
678,979
4.37
Movies
Nov 12, 2010
Movie Posters VII
621,802
4.44
Movies
Apr 16, 2011
Go to Creator's Profile
Score Distribution
Quiz Creator Spotlight
SporcleEXP
Follow
Send a Message
Quizzes Created
-
Created Quiz Play Count
-
More By This Creator
Popular Quizzes Today
1
Find the Countries of Europe - No Outlines Minefield
2
Find the US States - No Outlines Minefield
3
The Countries of the World
4
Popular People in 1961
5
Find the US States
6
US States
7
1-10 Letter E Words III
8
Risky Map Clicking: Biggest States A-Z
More Sports Quizzes
Last Ten: Celtic Managers in Order
Quiz Lab
Trending Quizzes
Risky Map Clicking: Least Populous States A-Z
1-10 Letter F Words
1-10 Letter G Words
Not Quite an Element Typing Challenge
One Thing in Common: United Kingdom
Recently Updated
Leaping Animals
pecheneg
Reality TV Shows (A-Z)
bhenderson79
Rickey Henderson's Hall of Fame Teammates
pecheneg
Champions League XIs: Arsenal
pecheneg
Quick Pick: Celebrities in WWE's Hall of Fame
aduchscher
A-Z Keypad Blitz II
pecheneg
Multiple Oscar Actors
pecheneg
Mystery Phrase Blitz: Oscar 'Best Actors'
pecheneg
F. Scott Fitzgerald Novels
LTH
Pick 3 Villains
ddd62291
Trending Topics
Disney
Kpop
Marvel
NBA
Anime
Harry Potter
Crossword
Country
Puzzle
Song
NFL
WWE
Soccer
Pokémon
The Office
Your Account Isn't Verified!
In order to create a playlist on Sporcle, you need to verify the email address you used during registration. Go to your
Sporcle Settings
to finish the process.
Report this User
Report this user for behavior that violates our
Community Guidelines
.
Details:
Send Report
Go to the Sporcle.com Mobile Site →
Comments